000
00322nam a22001337a 4500
008
170615b xxu||||| |||| 00| 0 eng d
020
_a
02759300715
041
_a
eng
080
_2
2ND
_a
327
100
_a
19
101
_a
SHP
245
_a
THEORIES AND APPROACHES TO INTERNATIONAL POLITICS
_c
MORGAN,P.M
942
_2
udc
_c
BK
999
_c
17461
_d
17461